| 000 | 00865cam a22003017a 4500 | ||
|---|---|---|---|
| 003 | CHAP | ||
| 005 | 20220329133901.0 | ||
| 008 | 971013s1926 r 00010 d | ||
| 010 | _a12236 | ||
| 011 | _a13208 | ||
| 035 | _a17279 | ||
| 040 | _cCHAP | ||
| 082 |
_a552.1 _bH38 |
||
| 100 | 0 | 0 |
_aHatch, Frederick Henry. _953061 |
| 245 | 1 | 4 | _aThe petrology of the igneous rocks |
| 250 | _a8 ed. rev. | ||
| 260 |
_aNew York : _bMacMillan, _c1926 |
||
| 300 |
_a566 p. _b: ilus. |
||
| 590 |
_aBATCH-UPD _b10 _c20130110 _lUCH01 _h0940 |
||
| 590 |
_aBATCH-UPD _b10 _c20130410 _lUCH01 _h0557 |
||
| 590 |
_aBATCH-UPD _b10 _c20130914 _lUCH01 _h1911 |
||
| 590 |
_aCONVERSION _b10 _c20130109 _lUCH01 _h1308 |
||
| 650 | 1 | 4 |
_aPetrología. _987654 |
| 650 | 1 | 4 |
_aRocas ígneas. _998166 |
| 901 | _aBK | ||
| 942 | _cLIBRO | ||
| 949 |
_a552.1 H38 _bBC _cBPP _d-40903 _eBPP _h7884 _i17279 _mD _si |
||
| 999 |
_c12236 _d12236 |
||